| 000 | 00322cam a22001217a 4500 | ||
|---|---|---|---|
| 008 | 180718b1961 xxu||||| |||| 00| 0 eng d | ||
| 082 | _aX63 x42 Un3 | ||
| 245 |
_aDesign and layout of roads in built-up areas _cBy HMSO |
||
| 260 |
_aLondon _bHMSO _c1961 |
||
| 300 | _a100p | ||
| 650 | _aTraffic regulations. | ||
| 650 | _aRoads | ||
| 999 |
_c410987 _d410987 |
||